[Event "Capablanca Memorial-16 Premier I"]
[Site "Cienfuegos"]
[Date "1980.05.22"]
[Round "3"]
[White "Pfleger, Helmut"]
[Black "Ivanov, Igor V"]
[Result "1-0"]
[WhiteElo "2525"]
[BlackElo "2430"]
[PlyCount "110"]
[GameId "1322998506012672"]
[EventDate "1980.05.20"]
[EventType "tourn"]
[EventRounds "13"]
[EventCountry "CUB"]
[EventCategory "7"]
[SourceTitle "EXT 2020"]
[Source "ChessBase"]
[SourceDate "2019.10.17"]
[SourceVersion "1"]
[SourceVersionDate "2019.10.17"]
[SourceQuality "1"]

1. c4 e6 2. Nc3 d5 3. d4 Nf6 4. Bg5 Be7 5. e3 O-O 6. Nf3 Nbd7 7. Rc1 c6 8. Bd3 a6 9. cxd5 exd5 10. O-O Re8 11. Qc2 Nf8 12. Rfe1 Nh5 13. Bxe7 Rxe7 14. b4 Qd6 15. Qb3 Ng6 16. Ne2 Bg4 17. Nd2 Rae8 18. Ng3 Nh4 19. Qb1 g6 20. Ngf1 Ng7 21. a4 Ne6 22. b5 axb5 23. axb5 Ng5 24. bxc6 bxc6 25. Qb6 Bh3 26. f4 Nxg2 27. fxg5 Nxe1 28. Rxe1 Qd7 29. Kf2 Qg4 30. Ng3 Qxg5 31. Qxc6 Bd7 32. Qc1 Bg4 33. Nf3 Qf6 34. Be2 g5 35. h3 Bxh3 36. Nh5 Qg6 37. Ne5 Qf5+ 38. Kg3 g4 39. Bxg4 Bxg4 40. Nxg4 Kh8 41. Nhf6 Re4 42. Nxe4 Rxe4 43. Ne5 f6 44. Nf3 Re8 45. Qb1 Qxb1 46. Rxb1 Rxe3 47. Rb5 Re4 48. Rxd5 Kg7 49. Rd7+ Kg6 50. Nh4+ Kh6 51. d5 f5 52. Nxf5+ Kg5 53. Nd6 Rd4 54. Nb7 h5 55. d6 h4+ 1-0

[Event "Capablanca Memorial-16 Premier I"]
[Site "Cienfuegos"]
[Date "1980.05.23"]
[Round "4"]
[White "Ivanov, Igor V"]
[Black "Garcia Gonzales, Guillermo"]
[Result "0-1"]
[WhiteElo "2430"]
[BlackElo "2505"]
[PlyCount "86"]
[GameId "1114898206658560"]
[EventDate "1980.05.20"]
[EventType "tourn"]
[EventRounds "13"]
[EventCountry "CUB"]
[EventCategory "7"]
[SourceTitle "EXT 1999"]
[Source "ChessBase"]
[SourceDate "1998.11.10"]
[SourceVersion "1"]
[SourceVersionDate "1998.11.10"]
[SourceQuality "1"]

1. d4 Nf6 2. c4 c5 3. d5 e6 4. Nc3 exd5 5. cxd5 d6 6. Nf3 a6 7. a4 g6 8. e4 Bg7 9. Be2 O-O 10. O-O Re8 11. Nd2 Nbd7 12. Qc2 Rb8 13. Ra3 b6 14. b3 Ne5 15. h3 g5 16. Nc4 g4 17. Nxe5 Rxe5 18. Bf4 Re8 19. hxg4 Nxg4 20. Bxg4 Bxg4 21. Nd1 Qf6 22. Bh2 Qg6 23. f3 Bd4+ 24. Kh1 Bc8 25. Nc3 f5 26. Ne2 Bg7 27. Nf4 Qf7 28. Ne6 Bxe6 29. dxe6 Rxe6 30. exf5 Rh6 31. g4 Be5 32. f4 Bd4 33. Qc4 Rh3 34. Qxf7+ Kxf7 35. Kg2 Rd3 36. Rf3 Rxf3 37. Kxf3 Re8 38. b4 c4 39. Bg3 Bb2 40. Re3 c3 41. Rxe8 Kxe8 42. Be1 c2 43. Bd2 d5 0-1

[Event "Capablanca Memorial-16 Premier I"]
[Site "Cienfuegos"]
[Date "1980.05.27"]
[Round "6"]
[White "Huertas Soris, Ramon Antonio"]
[Black "Ivanov, Igor V"]
[Result "1/2-1/2"]
[WhiteElo "2285"]
[BlackElo "2430"]
[PlyCount "80"]
[GameId "1322639864184832"]
[EventDate "1980.05.20"]
[EventType "tourn"]
[EventRounds "13"]
[EventCountry "CUB"]
[EventCategory "7"]
[SourceTitle "EXT 2020"]
[Source "ChessBase"]
[SourceDate "2019.10.17"]
[SourceVersion "1"]
[SourceVersionDate "2019.10.17"]
[SourceQuality "1"]

1. d4 Nf6 2. c4 e6 3. Nc3 Bb4 4. e3 c5 5. Bd3 d5 6. cxd5 exd5 7. a3 Bxc3+ 8. bxc3 O-O 9. Ne2 b6 10. f3 Ba6 11. Bxa6 Nxa6 12. Qd3 Qc8 13. O-O Re8 14. Ng3 Qb7 15. Ra2 c4 16. Qf5 Re6 17. Qg5 h6 18. Qh4 Nc7 19. Nf5 Nce8 20. g4 b5 21. Rg2 Nh7 22. Qe1 a5 23. Bd2 Nd6 24. h4 Rae8 25. Qg3 Qd7 26. Rb1 Nc8 27. Qf4 Ne7 28. Nxe7+ R6xe7 29. g5 hxg5 30. hxg5 Nf8 31. Qg4 Qxg4 32. Rxg4 Rb7 33. Kf2 Ne6 34. g6 fxg6 35. Rxg6 Kf7 36. Rbg1 Rh8 37. R6g2 Rh4 38. Rb1 Nd8 39. Rbg1 Ne6 40. Kg3 Rh5 1/2-1/2

[Event "Capablanca Memorial-16 Premier I"]
[Site "Cienfuegos"]
[Date "1980.05.28"]
[Round "7"]
[White "Ivanov, Igor V"]
[Black "Vera Gonzalez Quevedo, Reynaldo"]
[Result "0-1"]
[WhiteElo "2430"]
[BlackElo "2400"]
[PlyCount "56"]
[GameId "1114898206662656"]
[EventDate "1980.05.20"]
[EventType "tourn"]
[EventRounds "13"]
[EventCountry "CUB"]
[EventCategory "7"]
[SourceTitle "EXT 1999"]
[Source "ChessBase"]
[SourceDate "1998.11.10"]
[SourceVersion "1"]
[SourceVersionDate "1998.11.10"]
[SourceQuality "1"]

1. e4 c5 2. Nf3 d6 3. d4 cxd4 4. Nxd4 Nf6 5. Nc3 a6 6. Be2 e5 7. Nb3 Be7 8. O-O O-O 9. Kh1 b6 10. a4 Nbd7 11. Bc4 Bb7 12. Qe2 Nxe4 13. Nxe4 d5 14. Bd3 dxe4 15. Bxe4 Bxe4 16. Qxe4 f5 17. Qc4+ Kh8 18. Rd1 Qe8 19. c3 Rd8 20. Re1 f4 21. Nd2 Nc5 22. Ne4 Nd3 23. Rf1 f3 24. Qe6 fxg2+ 25. Kxg2 Qh5 26. f3 Ne1+ 27. Kh1 Nxf3 28. h3 Rf5 0-1

[Event "Capablanca Memorial-16 Premier I"]
[Site "Cienfuegos"]
[Date "1980.05.29"]
[Round "8"]
[White "Fernandez Gonzalez, Juan Carlos"]
[Black "Ivanov, Igor V"]
[Result "1/2-1/2"]
[WhiteElo "2390"]
[BlackElo "2430"]
[PlyCount "80"]
[GameId "1322553933737984"]
[EventDate "1980.05.20"]
[EventType "tourn"]
[EventRounds "13"]
[EventCountry "CUB"]
[EventCategory "7"]
[SourceTitle "EXT 2020"]
[Source "ChessBase"]
[SourceDate "2019.10.17"]
[SourceVersion "1"]
[SourceVersionDate "2019.10.17"]
[SourceQuality "1"]

1. Nf3 Nf6 2. c4 e6 3. g3 d5 4. Bg2 Be7 5. O-O O-O 6. b3 a5 7. a3 b6 8. Bb2 Bb7 9. d3 c5 10. e3 a4 11. cxd5 Nxd5 12. e4 Bf6 13. Ne5 Ne7 14. bxa4 Bxe5 15. Bxe5 Nbc6 16. Bb2 Ba6 17. Nc3 Bxd3 18. Re1 Na5 19. Nd5 c4 20. Nf6+ Kh8 21. Qh5 h6 22. Nd7 Kg8 23. Nxf8 Qxf8 24. Bc3 Nb3 25. Rad1 Nc6 26. Bf1 Nc5 27. Bb4 Bxf1 28. Rxf1 Rxa4 29. Bxc5 Qxc5 30. Qxc5 bxc5 31. Rc1 Nd4 32. Kg2 Ne2 33. Rc2 Nd4 34. Rc3 Nb5 35. Re3 c3 36. Rb1 c2 37. Rc1 Nd4 38. e5 Ra5 39. Kf1 Kf8 40. Rc3 Ke7 1/2-1/2

[Event "Capablanca Memorial-16 Premier I"]
[Site "Cienfuegos"]
[Date "1980.06.01"]
[Round "9"]
[White "Ivanov, Igor V"]
[Black "Garcia Martinez, Silvino"]
[Result "1-0"]
[WhiteElo "2430"]
[BlackElo "2505"]
[PlyCount "55"]
[GameId "1322547839967232"]
[EventDate "1980.05.20"]
[EventType "tourn"]
[EventRounds "13"]
[EventCountry "CUB"]
[EventCategory "7"]
[SourceTitle "EXT 2020"]
[Source "ChessBase"]
[SourceDate "2019.10.17"]
[SourceVersion "1"]
[SourceVersionDate "2019.10.17"]
[SourceQuality "1"]

1. Nf3 Nf6 2. g3 g6 3. Bg2 Bg7 4. b3 d6 5. d4 b6 6. Bb2 O-O 7. Nbd2 Bb7 8. O-O b5 9. c4 Nbd7 10. Qc2 Re8 11. Rfd1 Rb8 12. c5 Nd5 13. a3 dxc5 14. e4 N5f6 15. dxc5 c6 16. b4 Nh5 17. e5 Nf8 18. Nb3 Qc7 19. Na5 Ne6 20. Ne1 Ba8 21. f4 Rbd8 22. f5 Ng5 23. Qe2 Qc8 24. h4 Qxf5 25. g4 Qe6 26. gxh5 Nh3+ 27. Bxh3 Qxh3 28. Ng2 1-0

[Event "Capablanca Memorial-16 Premier I"]
[Site "Cienfuegos"]
[Date "1980.06.02"]
[Round "10"]
[White "Ochoa de Echaguen, Francisco Javier"]
[Black "Ivanov, Igor V"]
[Result "1/2-1/2"]
[WhiteElo "2410"]
[BlackElo "2430"]
[PlyCount "21"]
[GameId "1322508815376384"]
[EventDate "1980.05.20"]
[EventType "tourn"]
[EventRounds "13"]
[EventCountry "CUB"]
[EventCategory "7"]
[SourceTitle "EXT 2020"]
[Source "ChessBase"]
[SourceDate "2019.10.17"]
[SourceVersion "1"]
[SourceVersionDate "2019.10.17"]
[SourceQuality "1"]

1. e4 e5 2. Nc3 Nf6 3. Nf3 Nc6 4. d4 exd4 5. Nxd4 Bb4 6. Nxc6 bxc6 7. Bd3 d5 8. exd5 Nxd5 9. O-O O-O 10. Bd2 Bxc3 11. Bxc3 1/2-1/2

[Event "Capablanca Memorial-16 Premier I"]
[Site "Cienfuegos"]
[Date "1980.06.04"]
[Round "12"]
[White "Lebredo Zaragoitia, Gerardo"]
[Black "Ivanov, Igor V"]
[Result "0-1"]
[WhiteElo "2375"]
[BlackElo "2430"]
[PlyCount "84"]
[GameId "1322477919260672"]
[EventDate "1980.05.20"]
[EventType "tourn"]
[EventRounds "13"]
[EventCountry "CUB"]
[EventCategory "7"]
[SourceTitle "EXT 2020"]
[Source "ChessBase"]
[SourceDate "2019.10.17"]
[SourceVersion "1"]
[SourceVersionDate "2019.10.17"]
[SourceQuality "1"]

1. Nf3 d5 2. g3 g6 3. Bg2 Bg7 4. d4 Nf6 5. O-O O-O 6. c4 dxc4 7. Na3 c3 8. bxc3 c5 9. Nc4 Nc6 10. Nfe5 Nd5 11. Bb2 Be6 12. Nxc6 bxc6 13. Qa4 Rb8 14. Rab1 Qc7 15. dxc5 Rb5 16. e4 Nxc3 17. Bxc3 Bxc3 18. Rxb5 cxb5 19. Qxb5 Rb8 20. Qa4 Qxc5 21. Ne3 Bd4 22. Nd5 Bxd5 23. exd5 Rb2 24. Kh1 Bxf2 25. Qe8+ Kg7 26. a4 h5 27. Be4 Re2 28. Bg2 Qd4 29. Qb5 Re5 30. Qb3 h4 31. gxh4 Qxh4 32. Qf3 Rh5 33. h3 Rf5 34. Qg4 Qf6 35. Qe4 Rf4 36. Qc2 g5 37. Qe2 g4 38. Rxf2 Rxf2 39. Qxg4+ Kh6 40. Qe4 Qg5 41. Kg1 Qg3 42. Kh1 Ra2 0-1

[Event "Capablanca Memorial-16 Premier I"]
[Site "Cienfuegos"]
[Date "1980.06.06"]
[Round "13"]
[White "Ivanov, Igor V"]
[Black "Garcia, Gildardo"]
[Result "1/2-1/2"]
[WhiteElo "2430"]
[BlackElo "2440"]
[PlyCount "23"]
[GameId "1322172842831872"]
[EventDate "1980.05.20"]
[EventType "tourn"]
[EventRounds "13"]
[EventCountry "CUB"]
[EventCategory "7"]
[SourceTitle "EXT 2020"]
[Source "ChessBase"]
[SourceDate "2019.10.17"]
[SourceVersion "1"]
[SourceVersionDate "2019.10.17"]
[SourceQuality "1"]

1. Nf3 Nf6 2. g3 d5 3. Bg2 c5 4. O-O Nc6 5. d4 e6 6. c4 dxc4 7. Ne5 Bd7 8. Bxc6 Bxc6 9. Nxc6 bxc6 10. Qa4 cxd4 11. Qxc6+ Nd7 12. Qxc4 1/2-1/2

[Event "Benidorm"]
[Site "Benidorm"]
[Date "1982.??.??"]
[Round "?"]
[White "Bellon Lopez, Juan Manuel"]
[Black "Ivanov, Igor V"]
[Result "0-1"]
[WhiteElo "2400"]
[BlackElo "2515"]
[PlyCount "64"]
[GameId "1114898333970432"]
[EventDate "1982.??.??"]
[EventType "game"]
[EventRounds "1"]
[EventCountry "ESP"]
[SourceTitle "EXT 2010"]
[Source "ChessBase"]
[SourceDate "2009.11.30"]
[SourceVersion "1"]
[SourceVersionDate "2009.11.30"]
[SourceQuality "1"]

1. e4 e5 2. Nf3 Nc6 3. Nc3 Nf6 4. d4 exd4 5. Nd5 Be7 6. Bf4 d6 7. Nxd4 O-O 8. Nb5 Nxd5 9. exd5 Ne5 10. Qd2 c6 11. Nc3 Bf5 12. Be2 Bf6 13. O-O c5 14. Rfe1 a6 15. a4 Re8 16. Bf1 Qb6 17. Nd1 Ng6 18. Rxe8+ Rxe8 19. a5 Qd8 20. Bg3 h5 21. Ne3 Bg5 22. Qc3 Bxe3 23. fxe3 h4 24. Bf2 Re4 25. Ra3 Qg5 26. Kh1 h3 27. Bg3 Nh4 28. Qd2 Rg4 29. Kg1 Be4 30. Bxh4 Qxh4 31. Ra4 hxg2 32. Bxg2 Qg5 0-1

[Event "Los Angeles"]
[Site "Los Angeles"]
[Date "1982.??.??"]
[Round "?"]
[White "Browne, Walter"]
[Black "Ivanov, Igor V"]
[Result "0-1"]
[WhiteElo "2585"]
[BlackElo "2515"]
[PlyCount "46"]
[GameId "1114898342129664"]
[EventDate "1982.??.??"]
[EventType "game"]
[EventRounds "1"]
[EventCountry "USA"]
[SourceTitle "EXT 2010"]
[Source "ChessBase"]
[SourceDate "2009.11.30"]
[SourceVersion "1"]
[SourceVersionDate "2009.11.30"]
[SourceQuality "1"]

1. d4 Nf6 2. c4 e6 3. Nf3 b6 4. a3 Bb7 5. Nc3 d5 6. cxd5 exd5 7. Bf4 Bd6 8. Bxd6 Qxd6 9. Rc1 Qe7 10. g3 O-O 11. Bg2 c5 12. Qd2 Nc6 13. dxc5 d4 14. Nb5 bxc5 15. Nh4 Ne5 16. Nf5 Qd7 17. Rxc5 Qxf5 18. Bxb7 Rab8 19. Qxd4 Rxb7 20. Nc3 Re8 21. O-O Rd7 22. Qe3 Rde7 23. f4 Qh3 0-1

[Event "Los Angeles 3rd"]
[Site "Los Angeles"]
[Date "1982.09.09"]
[Round "1"]
[White "Burnett, Kevin"]
[Black "Ivanov, Igor V"]
[Result "1/2-1/2"]
[WhiteElo "2260"]
[BlackElo "2515"]
[PlyCount "117"]
[GameId "1114898389659648"]
[EventDate "1982.09.09"]
[EventType "tourn"]
[EventRounds "11"]
[EventCountry "USA"]
[EventCategory "4"]
[SourceTitle "EXT 2008"]
[Source "ChessBase"]
[SourceDate "2007.11.25"]
[SourceVersion "1"]
[SourceVersionDate "2007.11.25"]
[SourceQuality "1"]

1. d4 Nf6 2. c4 e6 3. Nc3 Bb4 4. Bg5 h6 5. Bh4 c5 6. d5 Bxc3+ 7. bxc3 d6 8. e3 e5 9. Bd3 g5 10. Bg3 e4 11. Bc2 Qe7 12. h4 Rg8 13. hxg5 hxg5 14. Ne2 Bf5 15. Qb1 Kd8 16. Bxd6 Qxd6 17. Qxb7 Qa6 18. Qxa8 Ke7 19. Rb1 Nbd7 20. Qb7 Qxa2 21. Qb3 Qa6 22. Qa4 Qxa4 23. Bxa4 Nb6 24. Bb5 Ra8 25. Ng3 Bg6 26. Bc6 Rc8 27. Ra1 Rc7 28. Bb5 Ne8 29. f3 exf3 30. gxf3 Nd6 31. e4 Nbxc4 32. Bxc4 Nxc4 33. Rh2 Rb7 34. Rha2 a5 35. Ra4 Ne5 36. Rxa5 Rb2 37. Ra7+ Kf6 38. R7a6+ Ke7 39. R6a2 Nxf3+ 40. Kd1 Rb3 41. Kc2 c4 42. Ra3 Kd6 43. Rxb3 cxb3+ 44. Kd3 Ne5+ 45. Kd4 Nf3+ 46. Ke3 Ne5 47. Rb1 b2 48. Nf1 f5 49. Nd2 fxe4 50. c4 Ng4+ 51. Kd4 e3 52. c5+ Kd7 53. Rxb2 exd2 54. Rxd2 Bf7 55. d6 Bb3 56. Rb2 Ba4 57. Rb7+ Kd8 58. Kd5 Nf6+ 59. Kd4 1/2-1/2

[Event "Los Angeles 3rd"]
[Site "Los Angeles"]
[Date "1982.09.10"]
[Round "2"]
[White "Ivanov, Igor V"]
[Black "Hanken, Jerome"]
[Result "1-0"]
[WhiteElo "2515"]
[BlackElo "2200"]
[PlyCount "83"]
[GameId "1114898389688320"]
[EventDate "1982.09.09"]
[EventType "tourn"]
[EventRounds "11"]
[EventCountry "USA"]
[EventCategory "4"]
[SourceTitle "EXT 2008"]
[Source "ChessBase"]
[SourceDate "2007.11.25"]
[SourceVersion "1"]
[SourceVersionDate "2007.11.25"]
[SourceQuality "1"]

1. d4 c5 2. d5 e5 3. e4 d6 4. Nc3 a6 5. a4 Ne7 6. g3 Ng6 7. h4 Be7 8. h5 Nf8 9. Bh3 h6 10. f4 exf4 11. gxf4 Bf6 12. Nf3 Bxh3 13. Rxh3 Bxc3+ 14. bxc3 Nh7 15. c4 Qd7 16. Rg3 Qe7 17. Qe2 Nd7 18. Bb2 Ndf6 19. Nd2 O-O-O 20. O-O-O Qd7 21. a5 Ne8 22. Rdg1 Qa4 23. Ra3 Qd7 24. Re3 Qa4 25. Qg4+ Kb8 26. Ra3 Qd7 27. Qxd7 Rxd7 28. Bxg7 Nxg7 29. Rxg7 Nf6 30. e5 Nxh5 31. Rg4 dxe5 32. fxe5 Re7 33. Ne4 Rxe5 34. Nxc5 Rg5 35. Re4 f5 36. Re7 Rg7 37. Rxg7 Nxg7 38. Rb3 Ne8 39. Rxb7+ Ka8 40. Rb6 h5 41. d6 Nf6 42. Rxa6+ 1-0

[Event "Los Angeles 3rd"]
[Site "Los Angeles"]
[Date "1982.09.11"]
[Round "3"]
[White "Peters, Jack"]
[Black "Ivanov, Igor V"]
[Result "1-0"]
[WhiteElo "2460"]
[BlackElo "2515"]
[PlyCount "73"]
[GameId "1114898389721088"]
[EventDate "1982.09.09"]
[EventType "tourn"]
[EventRounds "11"]
[EventCountry "USA"]
[EventCategory "4"]
[SourceTitle "EXT 2008"]
[Source "ChessBase"]
[SourceDate "2007.11.25"]
[SourceVersion "1"]
[SourceVersionDate "2007.11.25"]
[SourceQuality "1"]

1. e4 e5 2. Nf3 Nc6 3. Bb5 a6 4. Ba4 Nf6 5. O-O Be7 6. Re1 b5 7. Bb3 O-O 8. d4 d6 9. c3 Bg4 10. d5 Na5 11. Bc2 c6 12. h3 Bc8 13. dxc6 Qc7 14. Nbd2 Qxc6 15. Nf1 Nc4 16. Ng3 Re8 17. a4 Bb7 18. Nh2 Rad8 19. Nf5 d5 20. Ng4 Nxg4 21. Qxg4 Qg6 22. axb5 Qxg4 23. hxg4 axb5 24. Ra7 Rd7 25. Nxe7+ Rdxe7 26. b3 Nb6 27. Ra5 Bc6 28. Ra6 Rb7 29. Be3 Reb8 30. exd5 Bxd5 31. Rd1 Na8 32. Rxd5 Nc7 33. Rad6 Nxd5 34. Rxd5 Rc7 35. Bc5 f6 36. Bd6 Rd8 37. Bxe5 1-0

[Event "Los Angeles 3rd"]
[Site "Los Angeles"]
[Date "1982.09.12"]
[Round "4"]
[White "Ivanov, Igor V"]
[Black "Brooks, Michael"]
[Result "1/2-1/2"]
[WhiteElo "2515"]
[BlackElo "2340"]
[PlyCount "52"]
[GameId "1114898389737472"]
[EventDate "1982.09.09"]
[EventType "tourn"]
[EventRounds "11"]
[EventCountry "USA"]
[EventCategory "4"]
[SourceTitle "EXT 2008"]
[Source "ChessBase"]
[SourceDate "2007.11.25"]
[SourceVersion "1"]
[SourceVersionDate "2007.11.25"]
[SourceQuality "1"]

1. d4 Nf6 2. c4 g6 3. Nc3 Bg7 4. g3 d6 5. Bg2 O-O 6. Nf3 Nbd7 7. O-O e5 8. e4 c6 9. h3 Qb6 10. Re1 exd4 11. Nxd4 Re8 12. Na4 Qc7 13. Bf4 Ne5 14. Qc2 a6 15. c5 dxc5 16. Nxc5 Nh5 17. Be3 b6 18. Ncb3 c5 19. g4 Ra7 20. gxh5 cxd4 21. Qxc7 Rxc7 22. Bxd4 Nd3 23. Re3 Nf4 24. hxg6 hxg6 25. Bxg7 Kxg7 26. Rc1 Rxc1+ 1/2-1/2

[Event "Los Angeles 3rd"]
[Site "Los Angeles"]
[Date "1982.09.13"]
[Round "5"]
[White "Root, Douglas"]
[Black "Ivanov, Igor V"]
[Result "0-1"]
[WhiteElo "2395"]
[BlackElo "2515"]
[PlyCount "162"]
[GameId "1114898389770240"]
[EventDate "1982.09.09"]
[EventType "tourn"]
[EventRounds "11"]
[EventCountry "USA"]
[EventCategory "4"]
[SourceTitle "EXT 2008"]
[Source "ChessBase"]
[SourceDate "2007.11.25"]
[SourceVersion "1"]
[SourceVersionDate "2007.11.25"]
[SourceQuality "1"]

1. d4 Nf6 2. Nf3 e6 3. Nbd2 c5 4. e3 d5 5. c3 Nc6 6. Bd3 Bd6 7. O-O O-O 8. dxc5 Bxc5 9. e4 Bb6 10. Qe2 Ng4 11. h3 Nge5 12. Nxe5 Nxe5 13. exd5 Nxd3 14. Qxd3 Qxd5 15. Qxd5 exd5 16. Nf3 Re8 17. Bd2 f6 18. Rfe1 Re4 19. Be3 Bxe3 20. Rxe3 Rxe3 21. fxe3 Kf7 22. Rd1 Be6 23. Rd4 Rc8 24. Ra4 a6 25. Rb4 b5 26. a3 g5 27. Kf2 h6 28. Nd2 f5 29. Ke2 Bd7 30. Kd3 Ke6 31. Rd4 Be8 32. Kc2 Rc7 33. Kb3 a5 34. Kc2 Bg6 35. Kd1 Bh5+ 36. Ke1 Kd6 37. Kf2 Ke5 38. Nb3 a4 39. Nc1 Kd6 40. Na2 Re7 41. Nb4 Bf7 42. Nc2 Bg6 43. Nb4 Bf7 44. g3 Re4 45. Ke2 Be6 46. Kd3 h5 47. h4 gxh4 48. gxh4 Rg4 49. Kc2 Rg3 50. Kd2 Rg2+ 51. Kc1 Re2 52. Nc2 Rh2 53. Rb4 Bd7 54. Nd4 f4 55. exf4 Rxh4 56. Kd2 Rxf4 57. Nxb5+ Ke5 58. Nd4 h4 59. Ke3 Re4+ 60. Kf2 h3 61. Nf3+ Kd6 62. Ng5 Rg4 63. Nf7+ Kc5 64. Ne5 Rg2+ 65. Ke3 Bb5 66. Nd3+ Bxd3 67. Kxd3 h2 68. Rh4 Rxb2 69. Rh5 Ra2 70. Rh6 Rg2 71. Rh5 Kd6 72. Kd4 Ke6 73. c4 dxc4 74. Kxc4 Kf6 75. Kb4 Kg6 76. Rh8 Kg5 77. Rg8+ Kf4 78. Rxg2 h1=Q 79. Rf2+ Ke3 80. Rf8 Qe4+ 81. Kb5 Qd5+ 0-1

[Event "Los Angeles 3rd"]
[Site "Los Angeles"]
[Date "1982.09.14"]
[Round "6"]
[White "Bradford, Joseph"]
[Black "Ivanov, Igor V"]
[Result "1/2-1/2"]
[WhiteElo "2395"]
[BlackElo "2515"]
[PlyCount "87"]
[GameId "1114898389782528"]
[EventDate "1982.09.09"]
[EventType "tourn"]
[EventRounds "11"]
[EventCountry "USA"]
[EventCategory "4"]
[SourceTitle "EXT 2008"]
[Source "ChessBase"]
[SourceDate "2007.11.25"]
[SourceVersion "1"]
[SourceVersionDate "2007.11.25"]
[SourceQuality "1"]

1. Nf3 Nf6 2. c4 c6 3. d4 d5 4. Nbd2 Bf5 5. Qb3 Qb6 6. e3 e6 7. c5 Qc7 8. Qa4 Be7 9. b4 O-O 10. Bb2 Nbd7 11. Nb3 Ne4 12. Be2 Bf6 13. Rc1 a6 14. O-O Rae8 15. Rfd1 Bg4 16. Re1 h5 17. Na5 h4 18. Qc2 Bf5 19. Bd3 Re7 20. Nb3 Rfe8 21. a4 g5 22. Nfd2 Nxd2 23. Qxd2 Bg7 24. b5 axb5 25. axb5 Nf6 26. Be2 Ne4 27. Qa5 Qxa5 28. Nxa5 Ra8 29. Ra1 cxb5 30. Nc6 Ree8 31. Ne7+ Kh8 32. Nxf5 exf5 33. Bxb5 Red8 34. c6 bxc6 35. Bxc6 Rxa1 36. Rxa1 f4 37. exf4 gxf4 38. Ra8 Rxa8 39. Bxa8 Nf6 40. Ba3 Kh7 41. Bd6 Ne4 42. Bxf4 Bxd4 43. Bxd5 Nxf2 44. Kf1 1/2-1/2

[Event "Los Angeles 3rd"]
[Site "Los Angeles"]
[Date "1982.09.16"]
[Round "7"]
[White "Ivanov, Igor V"]
[Black "Hawkes, Rob"]
[Result "1/2-1/2"]
[WhiteElo "2515"]
[BlackElo "2200"]
[PlyCount "84"]
[GameId "1114898389815296"]
[EventDate "1982.09.09"]
[EventType "tourn"]
[EventRounds "11"]
[EventCountry "USA"]
[EventCategory "4"]
[SourceTitle "EXT 2008"]
[Source "ChessBase"]
[SourceDate "2007.11.25"]
[SourceVersion "1"]
[SourceVersionDate "2007.11.25"]
[SourceQuality "1"]

1. Nf3 g6 2. c4 Bg7 3. e4 e5 4. d4 exd4 5. Nxd4 Nc6 6. Nxc6 bxc6 7. Nc3 d6 8. c5 Nf6 9. Bc4 O-O 10. O-O Ng4 11. cxd6 cxd6 12. Bf4 Ne5 13. Be2 Be6 14. Rc1 f5 15. exf5 Rxf5 16. Bg3 h5 17. Qd2 Qf8 18. Ne4 Bd5 19. Bxe5 Bxe5 20. Ng3 Bf4 21. Qd3 Rf6 22. Rc2 Re8 23. Bf3 Bxf3 24. Qxf3 h4 25. Qb3+ d5 26. Ne2 Be3 27. Qd3 Kh7 28. Nd4 Bxd4 29. Qxd4 Rf4 30. Qxa7+ Re7 31. Qa6 h3 32. gxh3 Qf5 33. Rc3 Rf3 34. Qxc6 Qg5+ 35. Kh1 Rxf2 36. Rg1 Qf5 37. Qa4 Qe4+ 38. Qxe4 Rxe4 39. Rc7+ Kh8 40. Rb7 Ree2 41. Rxg6 Rf1+ 42. Rg1 Rff2 1/2-1/2

[Event "Los Angeles 3rd"]
[Site "Los Angeles"]
[Date "1982.09.17"]
[Round "8"]
[White "Van Buskirk, Charles Anthony"]
[Black "Ivanov, Igor V"]
[Result "1/2-1/2"]
[WhiteElo "2225"]
[BlackElo "2515"]
[PlyCount "63"]
[GameId "1114898389848064"]
[EventDate "1982.09.09"]
[EventType "tourn"]
[EventRounds "11"]
[EventCountry "USA"]
[EventCategory "4"]
[SourceTitle "EXT 2008"]
[Source "ChessBase"]
[SourceDate "2007.11.25"]
[SourceVersion "1"]
[SourceVersionDate "2007.11.25"]
[SourceQuality "1"]

1. d4 Nf6 2. c4 e6 3. Nc3 Bb4 4. Bg5 h6 5. Bh4 c5 6. d5 Bxc3+ 7. bxc3 d6 8. e3 e5 9. Bd3 Nbd7 10. Ne2 Qa5 11. Qb1 O-O 12. f3 Re8 13. O-O e4 14. Bc2 b5 15. cxb5 a6 16. Bxf6 Nxf6 17. Bxe4 axb5 18. Qc2 Bb7 19. Rfd1 Re5 20. c4 bxc4 21. Nc3 Bc8 22. f4 Re7 23. Re1 Bg4 24. Bf3 Bxf3 25. gxf3 Rae8 26. Kf2 Nh5 27. Ne4 Rxe4 28. fxe4 Nf6 29. Qxc4 Rxe4 30. Qc2 c4 31. Rad1 c3 32. Rd4 1/2-1/2

[Event "Los Angeles 3rd"]
[Site "Los Angeles"]
[Date "1982.09.18"]
[Round "9"]
[White "Ivanov, Igor V"]
[Black "Rogers, Ian"]
[Result "1-0"]
[WhiteElo "2515"]
[BlackElo "2355"]
[PlyCount "61"]
[GameId "1114898389852160"]
[EventDate "1982.09.09"]
[EventType "tourn"]
[EventRounds "11"]
[EventCountry "USA"]
[EventCategory "4"]
[SourceTitle "EXT 2008"]
[Source "ChessBase"]
[SourceDate "2007.11.25"]
[SourceVersion "1"]
[SourceVersionDate "2007.11.25"]
[SourceQuality "1"]

1. Nf3 Nc6 2. d4 d5 3. c4 Bg4 4. Nc3 e5 5. cxd5 Bxf3 6. gxf3 exd4 7. dxc6 dxc3 8. cxb7 Qxd1+ 9. Kxd1 Rd8+ 10. Kc2 cxb2 11. Bxb2 Rb8 12. Rb1 Rxb7 13. Bxg7 Rxb1 14. Bxh8 Rb6 15. e3 Ne7 16. Bd4 Rg6 17. Bxa7 Nc6 18. Bb5 Be7 19. e4 Kf8 20. Be3 Ne5 21. Be2 c5 22. f4 Nc6 23. Bc4 Nd4+ 24. Kd3 Rd6 25. e5 Rd8 26. Ke4 f5+ 27. exf6 Bxf6 28. Rg1 Bg7 29. Rg5 Re8+ 30. Kd3 Ne6 31. Rxc5 1-0

[Event "Northwest Chess February op"]
[Site "Seattle"]
[Date "1983.02.??"]
[Round "?"]
[White "Grupe, Hans Joerg"]
[Black "Ivanov, Igor V"]
[Result "1-0"]
[WhiteElo "2245"]
[BlackElo "2530"]
[PlyCount "61"]
[GameId "1114898442878976"]
[EventDate "1983.02.??"]
[EventType "swiss"]
[EventRounds "5"]
[EventCountry "USA"]
[SourceTitle "EXT 2004"]
[Source "ChessBase"]
[SourceDate "2003.11.25"]
[SourceVersion "1"]
[SourceVersionDate "2003.11.25"]
[SourceQuality "1"]

1. d4 Nf6 2. c4 e6 3. Nf3 b6 4. a3 d5 5. cxd5 exd5 6. Nc3 Bb7 7. g3 Be7 8. Qa4+ c6 9. Bg2 O-O 10. O-O Nbd7 11. Bf4 Nh5 12. Bd2 Re8 13. Rfe1 Bf8 14. e4 dxe4 15. Ng5 Nhf6 16. Ngxe4 a6 17. Bf4 Nd5 18. Nxd5 cxd5 19. Nd6 Bxd6 20. Bxd6 Rc8 21. Bh3 Rc6 22. Bb4 b5 23. Qb3 Nf8 24. Rxe8 Qxe8 25. Re1 Ne6 26. Qxd5 Rc7 27. Qd6 Rd7 28. Rxe6 fxe6 29. Bxe6+ Rf7 30. Bxf7+ Kxf7 31. Qc7+ 1-0